000 01026aam a2200325 i 4500
999 _c46023
_d46023
001 768714001
003 CO-MdFUSB
005 20201026172113.0
007 ta
008 200515t1905 enk |||| |||| 00| 0 eng d
020 _a[No incluye ISBN]
040 _bspa.
_aCO-MdFUSB
_cCO-MdFUSB
_dCO-MdFUSBC
_erda
041 _aeng
082 _223
_a270.2
_bB592
100 1 _aBigg, Charles
_eautor
245 1 4 _aThe church's task under the roman empire :
_bfour lectures
_c/ Charles Bigg
264 1 _aOxford, inglaterra :
_bThe Clarendon Press,
_c[1905]
264 4 _c© 1905
300 _axv, 136 páginas
_c; 23 cm
336 _atexto
_btxt
_2rdacontent
337 _2rdamedia
_asin mediación
_bn
338 _2rdacarrier
_avolumen
_bnc
505 _aEducación bajo el imperio - Religión bajo el imperio - Condición moral y social del imperio
563 _aPasta dura
650 0 _9153
_aHistoria de la Iglesia
651 0 _aImperio romano.
_xHistoria
942 _cBK
945 _aJTF-925